Sports Quiz

Random Sports or Board Games Quiz

Worst Championship Winning Percentages Quiz Stats

 Plays Quiz not verified by Sporcle

Challenge
Share
Tweet
Embed
Score 0/26 Timer 03:00
0 Plays Today
Winning % Team % Correct
0.000Buffalo Bills
82.1%
0.000Minnesota Vikings
70.2%
0.333St. Louis Rams
57.9%
0.200Chicago Cubs
57.7%
0.333San Francisco Giants
55.4%
0.333Los Angeles Dodgers
53.6%
0.333Atlanta Braves
53%
0.333Denver Broncos
50%
0.286Philadelphia Phillies
46.4%
0.400New York Rangers
45.8%
0.333Boston Bruins
41.7%
0.333Philadelphia 76ers
41.7%
0.250New York Knicks
41.1%
Winning % Team % Correct
0.400Cleveland Indians
37.5%
0.400Detroit Tigers
36.3%
0.400Miami Dolphins
35.7%
0.250Philadelphia Flyers
35.1%
0.364Chicago Blackhawks
35.1%
0.000Vancouver Canucks
26.3%
0.333Portland Trail Blazers
25.6%
0.000St. Louis Blues
22%
0.333Oklahoma City Thunder
20.2%
0.333Calgary Flames
17.3%
0.250Atlanta Hawks
16.7%
0.250Washington Wizards
16.1%
0.250Dallas Stars
14.3%

You're not logged in!

Compare scores with friends on all Sporcle quizzes.
Join for Free
OR
Log In

You Might Also Like...

Show Comments

Extras

Top Quizzes Today


Score Distribution

Your Account Isn't Verified!

In order to create a playlist on Sporcle, you need to verify the email address you used during registration. Go to your Sporcle Settings to finish the process.

Report this User

Report this user for behavior that violates our Community Guidelines.

Details: